01290nam a2200157 4500008004100000020001500041041000800056100002300064245005600087250004300143260002800186300001100214500008100225505081100306655001501117200303s2001 es ||||er|||| 001 0 spa d a8479016868 aspa1 aThurlow, Clifford. aSexo, surrealismo, Dalí y yo /cClifford Thurlow. a1a ed.bTraducción Claudio Molinari. aBarcelona:bRBA;c2001. a303 p. aThurlow, C. (2001). Sexo, surrealismo, Dali y yo. (1a ed.). Barcelona : BBA. aSexo, surrealismo, Dalí y yo es uno de los libros más curiosos y divertidos que, sobre Salvador Dalí y su época se haya escrito, y ha sido recibido en Inglaterra y España como uno de los acontecimientos editoriales más importantes del último año. Carlos Lozano, amigo íntimo de Dalí, desde 1969 hasta su muerte, fue una de las pocas personas que accedió al círculo cerrado e impenetrable del talentoso pintor catalán. Desde lo más profundo de este círculo cuenta lo que vio y sintió: las frases extraordinarias del pintor, las fiestas más locas e increíbles, el lujo más desenfrenado y la capacidad de Dalí de convertirlo todo en oro. Decenas de anécdotas delirantes e inolvidables, explicadas aquí por primera vez, se suceden en este delicado y sensual relato.  aLiteratura